header

Army Research Laboratory (Record no. 33434)

MARC details
000 -LEADER
fixed length control field 01181nam a2200253Ia 4500
245 00 - TITLE STATEMENT
Title Army Research Laboratory
260 ## - PUBLICATION, DISTRIBUTION, ETC. (IMPRINT)
Place of publication Washington :
Name of publisher National Academy of Sciences, National Research Council,
Year of publication 1994.
300 ## - PHYSICAL DESCRIPTION
Number of Pages xv, 241 p.
650 #0 - SUBJECT ADDED ENTRY--TOPICAL TERM
Topical Term Armies
Topical Term Armies
856 40 - ELECTRONIC LOCATION AND ACCESS
Uniform Resource Identifier http://site.ebrary.com/lib/rucke/Doc?id=10071603

No items available.

© 2026 Rongo University
Contact us: librarian | system librarian | Rongo university